El sueño, el trance y la locura

Furkejuvvon:
Bibliográfalaš dieđut
Váldodahkki: Bastide, Roger (Dahkki)
Materiálatiipa: Girji
Giella:espánnjágiella
Almmustuhtton: Buenos Aires Amorrortu 2001
Fáttát:
Fáddágilkorat: Lasit fáddágilkoriid
Eai fáddágilkorat, Lasit vuosttaš fáddágilkora!

MARC

LEADER 00000nam a2200000 a 4500
001 UCJ1123
003 CL-VaPUC
008 060929e20010000AG |||||||||||||||||spa|d
082 0 4 |a 154.6  |b BAS  |2 21 
100 0 |a Bastide, Roger  |e author  |9 501664 
245 1 3 |a El sueño, el trance y la locura 
300 |a 301 p 
942 |c BK 
945 |d 20060929 00:00:00  |a jtorresc 
260 |a Buenos Aires  |b Amorrortu  |c 2001 
650 0 |a Sueños   |9 267047 
650 0 |a Aspectos psicológicos  |9 258128 
583 |a last modification  |c 20060929 00:00:00  |k Rodrigo Vera 
999 |c 317835  |d 317833 
952 |0 0  |1 0  |4 0  |6 154_600000000000000_BAS_2001  |7 0  |8 A  |9 394814  |a BIBGIM  |b BIBGIM  |d 2019-11-22  |i 4282337  |o 154.6 BAS 2001  |p 4282337  |r 2025-01-15  |w 2019-11-22  |y BK  |k SSL